00946 2200313 4500001002100000005001500021035002000036007000300056008004100059020002200100082001700122084001900139100003000158245007700188250003400265300002500299650003200324700002700356700003300383264004200416336002100458337003000479338002300509040002200532090002200554850001200576999002200588990002200610INLIS00000000087944120230621111833 a0010-0623000514ta230621b2022 xx g p ind d a978-623-88163-5-404223a899.2211 a899.2211 ANA p0 aAna KristiantiePengarang10aPetuah kalbu /cAna Kristianti; penyunting, Filu Putri, Ari Sulistyawati aCetakan pertama, Oktober 2022 a101 halaman ;c21 cm04aPuisi Indonesia--xKumpulan0 aFilu PutriePenyunting0 aAri SulistyawatiePenyunting31aBantul :bMitra Edukasi Negeri,c2022 2rdacontentateks 2rdamediaatanpa perantara 2rdacarrieravolume aYOPDYOGbinderda aCB-D.11 2022-3703 aYOPDYOG aCB-D.11/2022-3703 aCB-D.11/2022-3703